| 000 | 01724cam a22004814a 4500 | ||
|---|---|---|---|
| 001 | 15212397 | ||
| 003 | OSt | ||
| 005 | 20240716125425.0 | ||
| 008 | 080310s2009 cau b 001 0 eng d | ||
| 010 | _a 2008924657 | ||
| 015 |
_aGBA8A1570 _2bnb |
||
| 016 | 7 |
_a014697963 _2Uk |
|
| 020 | _a9781847875112 (hbk.) | ||
| 020 | _a1847875114 (hbk.) | ||
| 020 | _a1847875122 (pbk.) | ||
| 020 | _a9781847875129 (pbk.) | ||
| 035 | _a(OCoLC)ocn228363580 | ||
| 040 |
_aUKM _cUKM _dBTCTA _dBAKER _dYDXCP _dBWK _dBWKUK _dBWX _dVP@ _dDLC |
||
| 042 |
_aukscp _alccopycat |
||
| 082 | _a306.9 MAK 2009 | ||
| 245 | 0 | 0 |
_aMaking sense of death, dying and bereavement : _ban anthology / _cedited by Sarah Earle, Caroline Bartholomew and Carol Komaromy. |
| 260 |
_aLos Angeles ; _aLondon : _bSAGE, _c2009. |
||
| 300 |
_axiv, 210 p. ; _c24 cm. |
||
| 500 | _aPublished in association with the Open University. | ||
| 504 | _aIncludes bibliographical references and index. | ||
| 650 | 0 |
_aDeath _xSocial aspects. _918770 |
|
| 650 | 0 |
_aBereavement _xSocial aspects. _918771 |
|
| 650 | 0 |
_aDeath in popular culture. _918772 |
|
| 650 | 0 |
_aDeath in literature. _918773 |
|
| 650 | 0 |
_aDeath in mass media. _918774 |
|
| 650 | 0 |
_aDeath in art. _918775 |
|
| 650 | 0 |
_aBereavement in literature. _918776 |
|
| 650 | 0 |
_aBereavement in art. _918777 |
|
| 650 | 0 |
_aGrief in literature. _918778 |
|
| 650 | 0 |
_aGrief in art. _918779 |
|
| 700 | 1 |
_aEarle, Sarah, _d1972- _918780 |
|
| 700 | 1 |
_aBartholomew, Caroline. _918781 |
|
| 700 | 1 |
_aKomaromy, Carol, _d1948- _918782 |
|
| 710 | 2 |
_aOpen University. _92170 |
|
| 906 |
_a7 _bcbc _ccopycat _d2 _encip _f20 _gy-gencatlg |
||
| 942 |
_2ddc _cO_SHELF |
||
| 999 |
_c9201 _d9201 |
||